1226 1452 1098 1847 1101 1442 1054 1654 1737 1517 1100 1556 1145 1269 1190 1867 1461 1078 1548 1029 1740 1931 1204 1018 1134 1523 1252 1135 1811 1422 1415 1417 1608 1435 1421 1805 1937 1955 1321 1081 1509 1691 1683 1157 1230 1493 1869 1521 1406 1633 1421 1987 1174 1498 1915 1952 1183 1184 1469 1359 1922 1344 1763 1268 1822 1996 1339 1601 1924 1008 1679 1261 1602 1728 1788 1770 1939 1500 1980 1870 1669 1043 1847 1520 1743 1608 1489 1283 1314 1162 1097 1812 1046 1738 1080 1826 1473 1756 1513 BCNSPRNW ULIB Ver.6.0+V

เปลี่ยนเป็นภาษาไทย

Change to English
 แสดงรายละเอียดบรรณานุกรม
  กลับหน้าหลัก

Brief Record : Get Marc (ISO 2709) : E-mail record : QR code < ปิดหน้าต่าง
LEADER : 00000nam 2200000uu 4500
001    13399110817
003     ULIB
008    110609s2010||||th 000 0 eng d
024    9780763761349
060  4 WQ165^bD981p 2010
100 0  Lauren A Dutton
245 00 A pocket guide to clinical midwifery : the efficient midwife ^cby Lauren A Dutton, Jessica E Densmore and Meredith B Turner
260    Sudbury,MA:^bJones and Bartlett,^c2010
300    358 p:^bill.
650  4 Midwifery^xHandbook
700 0  Jessica E Densmore
700 0  Meredith B Turner Book
945    ^p1400^l0^i030135
995    Kesorn
999 ^a ใช้งานได้ทุกระบบ
รายการนี้ยังไม่มีแท็ก
คุณยังไม่ได้ล็อกอิน คุณสามารถมีกิจกรรมร่วมกับเว็บไซต์ได้ แต่ต้องล็อกอินก่อน ::
  ล็อกอิน

รายการสื่อสารสนเทศ

ลำดับที่ ประเภท เลขเรียก/บาร์โค้ด สถานที่ สถานะ
- ไม่พบข้อมูล -

BibComment


ยังไม่เคยถูกคอมเมนท์

คอมเมนท์ทรัพยากรรายการนี้
  คอมเมนท์: A pocket guide to..


 Copyright 2026. Bcnsprnw @Library